Visualizzazione normale
Vista MARC
di Personal Name
Records bibliografici associati: 1
001 - CONTROL NUMBER
- control field: 35168
003 - CONTROL NUMBER IDENTIFIER
- control field: IT-RoPau
005 - DATE AND TIME OF LATEST TRANSACTION
- control field: 20150705224357.0
008 - FIXED-LENGTH DATA ELEMENTS
- fixed length control field: 150705|| aca||aabn | a|a d
040 ## - CATALOGING SOURCE
- Original cataloging agency: IT-RoPau
- Transcribing agency: IT-RoPau
100 ## - HEADING--PERSONAL NAME
- Personal name:
- Titles and other words associated with a name: ab.
670 ## - SOURCE DATA FOUND
- Source citation: Work cat.: (IT-RoPau)23962: Costantino Fouard 35167, Vita di N. S. Gesù Cristo